Rozvoj časopis pracovníkov BAZ, n.p., Bratislava

Bibliographic Details
Format: Journal
Language:Slovak
PhysicalDescription:7 zv. 31-45 cm
Published: Bratislava CZV KSS a vedenie BAZ, n.p. 1985-1991
Bratislava Bratislavské automobilové závody
Subjects:

MARC

LEADER 00000cas a2200000 a 4500
001 vtls001318826
003 SK-MaSNL
005 20260228155657.0
008 980130d19851991xo mr|p 0 0b0slo
035 |a SNK000271391 
040 |a SNK  |b slo  |c SNK  |e AACR2 
041 0 |a slo 
044 |a xo  |c SK 
072 7 |a 629  |x Dopravné prostriedky  |2 konspekt 
080 |a 050  |2 2001 
080 |a 629.331  |2 2001 
245 0 0 |a Rozvoj  |b časopis pracovníkov BAZ, n.p., Bratislava 
260 |a Bratislava  |b CZV KSS a vedenie BAZ, n.p.  |c 1985-1991 
260 3 |3 12/1989-4/1991  |a Bratislava  |b Bratislavské automobilové závody 
300 |a 7 zv.  |c 31-45 cm 
310 |a 1x mesačne 
362 0 |a Roč. 1, č. 1 (1985)-roč. 7, č. 4 (1991) 
500 |a Podnázov sa mení 
500 |a Redaktori sa menia 
500 |a Od č. 2/1991 rozmer zv. 31 cm. 
650 0 7 |a automobilový priemysel  |2 SNKPH  |9 28623 
655 7 |a podnikové periodiká  |2 SNKPH  |9 132333 
910 |a snk 
916 |a 1985-1991 
958 |a OND 
999 |c 160  |d 160 
952 |0 0  |1 0  |4 0  |7 0  |a SNK  |b SNK  |d 2015-06-19  |f 1  |i snkČSP 992/97  |l 0  |o snkČSA 1131/7/1991  |p 17A0820948  |r 2026-02-21 19:34:26  |t č. 1-4  |w 2026-02-21  |y PREZ 
952 |0 0  |1 0  |4 0  |7 0  |a SNK  |b SNK  |d 2015-06-19  |f 1  |i snkČSP 2769/91  |l 0  |o snkČSA 1131/6/1990  |p 17A0821113  |r 2026-02-21 19:34:27  |t č. 1-12  |w 2026-02-21  |y PREZ 
952 |0 0  |1 0  |4 0  |7 0  |a SNK  |b SNK  |d 2015-06-19  |f 1  |i snkČSP 2801/86  |l 0  |o snkČSA 1131/1/1985  |p 17A0821108  |r 2026-02-21 19:34:27  |t č. 1-12  |w 2026-02-21  |y PREZ 
952 |0 0  |1 0  |4 0  |7 0  |a SNK  |b SNK  |d 2015-06-19  |f 1  |i snkČSP 2715/87  |l 0  |o snkČSA 1131/2/1986  |p 17A0821109  |r 2026-02-21 19:34:27  |t č. 1-12  |w 2026-02-21  |y PREZ 
952 |0 0  |1 0  |4 0  |7 0  |a SNK  |b SNK  |d 2015-06-19  |f 1  |i snkČSP 4325/88  |l 0  |o snkČSA 1131/3/1987  |p 17A0821110  |r 2026-02-21 19:34:27  |t č. 1-12  |w 2026-02-21  |y PREZ 
952 |0 0  |1 0  |4 0  |7 0  |a SNK  |b SNK  |d 2015-06-19  |f 1  |i snkČSP 1511/89  |l 0  |o snkČSA 1131/4/1988  |p 17A0821111  |r 2026-02-21 19:34:27  |t č. 1-12  |w 2026-02-21  |y PREZ 
952 |0 0  |1 0  |4 0  |7 0  |a SNK  |b SNK  |d 2015-06-19  |f 1  |i snkČSP 2751/90  |l 0  |o snkČSA 1131/5/1989  |p 17A0821112  |r 2026-02-21 19:34:27  |t č. 1-12  |w 2026-02-21  |y PREZ 
952 |0 0  |1 0  |4 0  |7 0  |a SNK  |b SNK  |d 2015-06-23  |i snkČSP 2716/87  |l 0  |o snkČSA 1131/2/1986 D1  |p 17A1144936  |r 2026-02-21 19:34:27  |t č. 1-12  |w 2026-02-21  |y PREZ 
952 |0 0  |1 0  |4 0  |7 0  |a SNK  |b SNK  |d 2015-06-23  |i snkČSP 4326/88  |l 0  |o snkČSA 1131/3/1987 D1  |p 17A1144937  |r 2026-02-21 19:34:27  |t č. 1-12  |w 2026-02-21  |y PREZ 
952 |0 0  |1 0  |4 0  |7 0  |a SNK  |b SNK  |d 2015-06-23  |i snkČSP 993/97  |l 0  |o snkČSA 1131/7/1991 D1  |p 17A1144938  |r 2026-02-21 19:34:27  |t č. 1-4  |w 2026-02-21  |y PREZ